Biblioteca

On the genre and message of Revelation : (Registro nro. 65591)

Detalles MARC
000 -LÍDER
Campo fijo de descripción fija 01825nam a2200349 i 4500
001 - NÚMERO DE CONTROL
Campo de control 768714001
003 - IDENTIFICADOR DEL NÚMERO DE CONTROL
Campo de control CO-MdFUSB
005 - FECHA Y HORA DE LA ULTIMA TRANSACCIÓN
control field 20200602095043.0
007 - CAMPO FIJO DE DESCRIPCIÓN FIJA--INFORMACIÓN GENERAL
Campo fijo de descripción fija ta
008 - ELEMENTOS DE LONGITUD FIJA -- INFORMACIÓN GENERAL
Campo fijo de descripción fija -- Información general 200331t1995 maua|||| |||| 00| 0 eng d
020 ## - NÚMERO INTERNACIONAL NORMALIZADO PARA LIBROS
Número Internacional Normalizado del libro 9781565630406
040 ## - FUENTE DE CATALOGACIÓN
Agencia de catalogación original CO-MdFUSB
Idioma de catalogación spa
Agencia que realiza la transcripción CO-MdFUSB
Agencia que realiza la modificación CO-MdFUSBC
Convenciones de la descripción rda
041 ## - CÓDIGO DE IDIOMA
Código de idioma para texto/pista de sonido o título separado eng
082 ## - NÚMERO DE CLASIFICACIÓN DECIMAL DEWEY
Número de la edición del Dewey 23
Número de clasificación 228.07
Clave de autor-Numero de item M251
100 ## - ASIENTO PRINCIPAL--NOMBRE PERSONAL
Nombre personal Malina, Bruce J.
Término relacionador autor
245 13 - TÍTULO
Título del Material On the genre and message of Revelation :
Parte restante del título - Subtitulo star visions and sky journeys
Mención de responsabilidad, etc. / Bruce J. Malina
264 #1 - PRODUCCIÓN, PUBLICACIÓN, DISTRIBUCIÓN, MANUFACTURA, Y COPYRIGHT
Lugar de producción, publicación, distribución, manufactura massachusetts :
Nombre del productor, publicador, distribuidor Hendrickson Publishers,
Fecha de producción, publicación, distribución, manufactura, o copyright [1995]
264 #4 - PRODUCCIÓN, PUBLICACIÓN, DISTRIBUCIÓN, MANUFACTURA, Y COPYRIGHT
Fecha de producción, publicación, distribución, manufactura, o copyright © 1995
300 ## - DESCRIPCIÓN FÍSICA
Extensión 317 páginas
Dimensiones ; 24 cm
336 ## - TIPO DE CONTENIDO
Fuente rdacontent
Término de tipo de contenido texto
Código de tipo de contenido txt
337 ## - TIPO DE MEDIO
Fuente rdamedia
Nombre del tipo de medio sin mediación
Código del tipo de medio n
338 ## - TIPO DE SOPORTE
Fuente rdacarrier
Nombre del tipo de soporte volumen
Código Tipo de soporte nc
500 ## - NOTA GENERAL
Nota General Colección Dawn Christina Harrell<br/>
505 ## - NOTA DE CONTENIDO
Nota de contenido con formato preestablecido Introducción: Juan el Vidente, la revelación y el cielo. -- Visiones del cielo y viajes por el cielo: características de la profecía astral -<br/>Viajes en el cielo: mapas para un recorrido por la revelación. -- Sector uno: el papel cósmico de Jesús el Mesías. -- Sector dos comienza: el escenario del trono en el cielo - El sector dos continúa: de pergaminos, sellos y cometas - El sector dos termina: en cometas de trompeta, estrellas fugaces y problemas cósmicos. -- Sector tres: guerras de las galaxias prehistóricas. -- Sector tres continúa: guerras terrestres antediluvianas. -- Sector cuatro: la primera ciudad posdeluviana de la humanidad. -- Sector cinco: la ciudad final de la humanidad. -- La teología y el mensaje de revelación.
563 ## - NOTA DE ENCUADERNACIÓN
Nota de encuadernación Rústico
630 07 - TITULO UNIFORME
Título uniforme Biblia
Subdivisión de materia general Crítica, interpretación, etc.
630 #7 - TITULO UNIFORME
Título uniforme Biblia.
Subdivisión de materia general Crítica, interpretación, etc.
Nombre de parte o sección de la obra Apocalipsis
650 #7 - ASIENTO SECUNDARIO DE MATERIA - TERMINO TEMÁTICO
9 (RLIN) 213
Término temático o nombre geográfico como elemento de entrada Escatología
942 ## - TIPO DE MATERIAL (KOHA)
Tipo de Item KOHA Libros General
945 ## - INFORMACIÓN LOCAL DEL REGISTRO
Catalogador JTF-925
Revisión registro AEM-53
Existencias
Estado de Material Estado de Perdido Forma de Clasificación Estado de Dañado No para Préstamo Colección Biblioteca de Origen Biblioteca Permanente Fecha de Adquisición Forma de Adquisición Área Total de Préstamos Signatura Topográfica Código de Barras Última vez visto Ejemplar/Existencia Fecha de Remplazo Tipo de Material
    Dewey Decimal Classification     Colección General Biblioteca FUSBC Biblioteca FUSBC 31/03/2020 Colección Dawn Christina Harrell BIBLIA   G 228.07 M251t 21318 08/06/2022 Ej.1 31/03/2020 Libros General

Biblioteca FUSBC | Teléfono: (57+4) 349 88 10 Ext. 141| WhatsApp (+57) 3005338115 
E-mail: biblioteca@unisbc.edu.co | Calle 76 87-14 Robledo Palenque, Medellín, Colombia

Con tecnología Koha